000 00215nam a22000857a 4500
008 161128b xxu||||| |||| 00| 0 eng d
100 _91507
_aSingh.L.etal
245 _aChemistry-IX-II
260 _aNew delhi
_bS. Chand
_c2011
999 _c4234
_d4234